000 01242cam a2200277 4500
001 J122496
008 #DATE n1999 000 0 eng u
035 _a(Sirsi) u122496
041 _aeng
050 _a346.410438
_c18
110 _aUnited Kingdom
_bDepartment of the Environment, Transport and the Regions
_93507
245 4 _aThe key to easier home buying and selling
_ban analysis of the responses to the consultation paper
260 _aLondon
_bDETR
_c1999
520 _aAnalyses responses to the 1998 consultation paper "The key to easier home buying and selling" (ISBN 185112134X). The document forms a part of the OPDM home buying and selling policy website which outlines the development of the Housing Bill and Home Information Packs. View at www.dclg.gov.uk.
650 _aCHAINS
650 _aCONVEYANCING
650 _aGAZUMPING
650 _aGAZUNDERING
650 _aHOUSE SALES
650 _aHOME INFORMATION PACKS
690 _aPROPERTY LAW AND PRACTICE
710 _aUnited Kingdom
_bLord Chancellor's Department
_91274
710 _aUnited Kingdom
_bDepartment of Trade and Industry
856 _uhttps://www.communities.gov.uk/index.asp?id=1151111
_vView the analysis on the DCLG website...
942 _n0
999 _c102870
_d102870